Statistiques concernant Artistes ayant vendu le plus d'album en 2016

Cliquez ici pour prendre le quiz!

Statistiques générales

  • Ce quiz a été pris 51 fois
  • Le résultat moyen est 3 sur 10

Statistiques - réponses

RangArtiste% Correct
8Rihanna
69%
7Beyoncé
63%
4Adele
53%
1Drake
49%
5Justin Bieber
39%
3Coldplay
16%
10The Weeknd
16%
9Prince
12%
6Twenty One Pilots
6%
2David Bowie
4%

Distribution des résultats

Percentile par nombre de réponses

% des personnes avec chaque résultat

Votre développement - résultats

Vous n’avez pas pris ce quiz